Network management: Principles and practice
সংরক্ষণ করুন:
| প্রধান লেখক: | |
|---|---|
| বিন্যাস: | গ্রন্থ |
| ভাষা: | Undetermined |
| প্রকাশিত: |
Reading, MA
Addison-Wesley
2000
|
| বিষয়গুলি: | |
| ট্যাগগুলো: |
ট্যাগ যুক্ত করুন
কোনো ট্যাগ নেই, প্রথমজন হিসাবে ট্যাগ করুন!
|
| Thư viện lưu trữ: | Trung tâm Học liệu Trường Đại học Cần Thơ |
|---|
| LEADER | 00494nam a2200181Ia 4500 | ||
|---|---|---|---|
| 001 | CTU_56293 | ||
| 008 | 210402s9999 xx 000 0 und d | ||
| 082 | |a 004.6 | ||
| 082 | |b S941 | ||
| 100 | |a Mani Subramanian | ||
| 245 | 0 | |a Network management: Principles and practice | |
| 245 | 0 | |c Mani Subramanian | |
| 260 | |a Reading, MA | ||
| 260 | |b Addison-Wesley | ||
| 260 | |c 2000 | ||
| 650 | |a computer networks | ||
| 650 | |x management | ||
| 980 | |a Trung tâm Học liệu Trường Đại học Cần Thơ | ||